000
00295nam a2200097Ia 4500
082
_a
339.5096 RAJU
245
0
_a
How to do business in Africa : a brief guide
100
_a
Rajuili, Ntebo Johannesburg, South Africa, 2010
_9
24254
942
_c
BK
008
210816s9999 xx 000 0 und d
999
_c
96414
_d
96413